Kinsei iriai kankō no seiritsu to tenkai : Shinshū Shimoina chihō o chūshin ni shite /
Saved in:
| Main Author: | |
|---|---|
| Format: | Book |
| Language: | Japanese |
| Published: |
[Tōkyō] :
Ochanomizu Shōbō,
[1967]
|
| Subjects: | |
| Tags: |
Add Tag
No Tags, Be the first to tag this record!
|
| LEADER | 00989nam a2200253 a 4500 | ||
|---|---|---|---|
| 001 | 007769877-0 | ||
| 005 | 20024617120653.0 | ||
| 008 | 910510s1967 ja ab b 000 0 jpn | ||
| 010 | |a 78797867 /J | ||
| 035 | 0 | |a ocm23729090 | |
| 040 | |a DLC |c CLU |d CU |d *YNH* |d CStRLIN | ||
| 043 | |a a-ja--- | ||
| 100 | 1 | |6 880-01 |a Hirasawa, Kiyoto, |d 1904- | |
| 245 | 1 | 0 | |6 880-02 |a Kinsei iriai kankō no seiritsu to tenkai : |b Shinshū Shimoina chihō o chūshin ni shite / |c Hirasawa Kiyoto cho. |
| 260 | |6 880-03 |a [Tōkyō] : |b Ochanomizu Shōbō, |c [1967] | ||
| 300 | |a 3, 4, 292 p. |b ill., maps. |c 22 cm. | ||
| 504 | |a Includes bibliographical references. | ||
| 650 | 0 | |a Commons |z Japan |z Shimoina-gun. | |
| 650 | 0 | |a Forestry law and legislation |z Japan. | |
| 880 | 1 | |6 100-01 |a 平沢清人, |d 1904- | |
| 880 | 1 | 0 | |6 245-02 |a 近世入会慣行の成立と展開 : |b 信州下伊那地方を中心にして / |c 平沢清人著. |
| 880 | |6 260-03 |a [東京] : |b 御茶の水書房, |c [1967] | ||
| 988 | |a 20021214 | ||
| 906 | |0 DLC | ||


